Catálogo de la Biblioteca Horacio González - Universidad Nacional de General Sarmiento

Che : (Registro nro. 53628)

Detalles MARC
000 -CABECERA
campo de control de longitud fija 01261ngm a22003010a 4500
001 - NÚMERO DE CONTROL
campo de control PT39905
003 - IDENTIFICADOR DEL NÚMERO DE CONTROL
campo de control AR-LpoUNG
005 - FECHA Y HORA DE LA ÚLTIMA TRANSACCIÓN
campo de control 20210201235847.0
007 - CAMPO FIJO DE DESCRIPCIÓN FÍSICA--INFORMACIÓN GENERAL
campo de control de longitud fija vd cvaizq
008 - DATOS DE LONGITUD FIJA--INFORMACIÓN GENERAL
campo de control de longitud fija 191001s[200||||ag |||||||||||||||||spa d
037 ## - FUENTE DE ADQUISICIÓN
Condiciones de disponibilidad $5
040 ## - FUENTE DE LA CATALOGACIÓN
Centro catalogador/agencia de origen AR-LpoUNG
Lengua de catalogación spa
Centro/agencia transcriptor AR-LpoUNG
Normas de descripción aacr
041 ## - CÓDIGO DE LENGUA
Código de lengua del texto/banda sonora o título independiente spa
044 ## - CÓDIGO DEL PAÍS DE LA ENTIDAD EDITORA/PRODUCTORA
Código MARC del país ag
082 0# - NÚMERO DE LA CLASIFICACIÓN DECIMAL DEWEY
Número de clasificación 980.039 114che
100 1# - ENTRADA PRINCIPAL--NOMBRE DE PERSONA
Nombre de persona Cabeza, Edgardo
Término indicativo de función/relación dir.
245 10 - MENCIÓN DE TÍTULO
Título Che :
Resto del título la eterna mirada
260 ## - PUBLICACIÓN, DISTRIBUCIÓN, ETC.
Lugar de publicación, distribución, etc. Buenos Aires :
Nombre del editor, distribuidor, etc. Página 12,
Fecha de publicación, distribución, etc. [2005].
300 ## - DESCRIPCIÓN FÍSICA
Extensión DVD : son., byn, col.
505 0# - NOTA DE CONTENIDO CON FORMATO
Nota de contenido con formato Hecha en 2005. - Subtitulos: castellano
520 ## - SUMARIO, ETC.
Sumario, etc. Tomando como punto de partida la expedición que un grupo de forenses y geofísicos argentinos y cubanos hiciera a Vallegrande en 1997, este documental evoca la figura del Ernesto Guevara político y soldado. Las condiciones de su lucha guerrillera, su paso por Bolivia, su polémica muerte y su desconocido paradero -el objetivo inicial de la expedición- son los temas del documental, que incluye entrevistas a figuras de la época y abundante material fotográfico de archivo. La narración es del actor Patricio Contreras.
650 #4 - PUNTO DE ACCESO ADICIONAL DE MATERIA--TÉRMINO DE MATERIA
Término de materia o nombre geográfico como elemento de entrada BIOGRAFIAS
653 ## - TÉRMINO DE INDIZACIÓN--NO CONTROLADO
Término no controlado CINE ARGENTINO
653 ## - TÉRMINO DE INDIZACIÓN--NO CONTROLADO
Término no controlado DOCUMENTALES
653 ## - TÉRMINO DE INDIZACIÓN--NO CONTROLADO
Término no controlado VIDEOS
905 ## - ELEMENTOS DE DATOS E LOCAL, LDE (RLIN)
a 39905
942 ## - ELEMENTOS DE PUNTO DE ACCESO ADICIONAL (KOHA)
Tipo de ítem Koha DVD
Existencias
Estado de retiro Estado de pérdida Estado dañado No para préstamo Código de colección Localización permanente Ubicación/localización actual Fecha de adquisición Total de préstamos Signatura topográfica completa Código de barras Fecha visto por última vez Precio válido a partir de Tipo de ítem Koha
        Colección Cine Biblioteca Universidad Nacional de General Sarmiento Biblioteca Universidad Nacional de General Sarmiento 01/02/2021   980.039 114che 00043227 01/02/2021 01/02/2021 DVD
        Colección Cine Biblioteca Universidad Nacional de General Sarmiento Biblioteca Universidad Nacional de General Sarmiento 01/02/2021   980.039 114che 00043228 01/02/2021 01/02/2021 DVD
        Colección Cine Biblioteca Universidad Nacional de General Sarmiento Biblioteca Universidad Nacional de General Sarmiento 01/02/2021   980.039 114che 00043229 01/02/2021 01/02/2021 DVD